Местная промышленность. 1979, Вып.1: Фирменная литература и опыт ее использования (Запись № 2815729)

Подробности
000 -МАРКЕР
контрольное поле 01362nam2a22002531 4500
001 - ИДЕНТИФИКАТОР ЗАПИСИ
контрольное поле RU\NLR\INFOCOMM16\1000075909
005 - ИДЕНТИФИКАТОР ВЕРСИИ
контрольное поле 20260406024005.0
035 ## - ДРУГИЕ СИСТЕМНЫЕ НОМЕРА
Идентификатор записи (NLR Aleph) 002527115
100 ## - ДАННЫЕ ОБЩЕЙ ОБРАБОТКИ
Данные общей обработки 20040423d1979 |||y0rusy50 ca
101 0# - ЯЗЫК РЕСУРСА
Язык текста, звукозаписи и т.д. русский
102 ## - СТРАНА ПУБЛИКАЦИИ ИЛИ ПРОИЗВОДСТВА
Страна публикации Российская Федерация
105 ## - ПОЛЕ КОДИРОВАННЫХ ДАННЫХ: ТЕКСТОВЫЕ МАТЕРИАЛЫ, МОНОГРАФИЧЕСКИЕ
Кодированные данные о монографическом текстовом документе y |||||||||
200 1# - ЗАГЛАВИЕ И СВЕДЕНИЯ ОБ ОТВЕТСТВЕННОСТИ
Основное заглавие Фирменная литература и опыт ее использования
Первые сведения об ответственности Г.С. Тумаринсон
210 ## - ПУБЛИКАЦИЯ, РАСПРОСТРАНЕНИЕ И ДР.
Дата издания, распространения и т.д. 1979
Место издания, распространения и т.д. Б. м.
461 #0 - УРОВЕНЬ НАБОРА
Встроенное поле 001RU\NLR\INFOCOMM16\1000075901
-- 2001#$aМестная промышленность$eНауч.-техн. реф. сб.$hСерия 1$iОбщеотраслевые вопросы местной промышленности$fМ-во мест. пром-сти РСФСР. ЦБНТИ$v1979, Вып.1
Системный номер (АБИС) связанной записи 2815661
Место публикации М.
Дата публикации 1969-
Первые сведения об ответственности М-во мест. пром-сти РСФСР. ЦБНТИ
Номер части Серия 1
Заглавие части Общеотраслевые вопросы местной промышленности
Сведения, относящиеся к заглавию Науч.-техн. реф. сб.
Заглавие Местная промышленность
ISSN 0136-5738
Номер тома 1979, Вып.1
700 #1 - ИМЯ ЛИЦА - ПЕРВИЧНАЯ ОТВЕТСТВЕННОСТЬ
Код отношения Автор
Начальный элемент ввода Тумаринсон
Часть имени, кроме начального элемента ввода Г. С.
Даты 1935-2015
Расширение инициалов личного имени Генрих Саулович
Идентификатор авторитетной/нормативной записи RU\NLR\AUTH\77125543
Системный номер авторитетной/нормативной записи 108468
801 #1 - ИСТОЧНИК ЗАПИСИ
Страна Российская Федерация
Организация InfoComm
Дата составления 20040423
801 #0 - ИСТОЧНИК ЗАПИСИ
Страна Российская Федерация
Организация NLR
Правила каталогизации PSBO
852 ## - МЕСТОНАХОЖДЕНИЕ И ШИФР ХРАНЕНИЯ
Идентификатор организации NLR
Шифр хранения (Call Number) П10/4396
942 ## - ДОПОЛНИТЕЛЬНЫЕ ЭЛЕМЕНТЫ ЗАПИСИ (АБИС)
Тип экземпляра АБИС Выпуск
980 ## - КОЛЛЕКЦИЯ
Название коллекции Национальная библиография
980 ## - КОЛЛЕКЦИЯ
Название коллекции Русская периодика

Нет доступных экземпляров.